00855nam a2200193Ia 4500008004100000020001400041040001900055041001200074082002500086245020500111260009900316300002900415504005000444630002700494650004500521651004900566700002800615850001800643131103s9999 xx 000 0 und d a674021568 aLoreto College aEnglish a938/GREbLCLIB/43796 2aA guide to Greek Thoughtb Major figures and trends cEdited by Jacques Brunschwig and Geoffrey E.R. Lloyd with the colaboration of Pierre Pellegrin. Translated under the direction of Catherine Porter aCambridge, Massachusetts, London, EnglandbThe Belknap Press of Harvard University Pressc2003 axiii,486pb mapsc 24 cm aIncludes bibliographical references and index aIntellectuals - Greece aThought and Thinking - History - To 1500 aGreece - Intellectual Life - 146 BC - 323 AD aBrunschwig, Jacques, ed aLCLIB/938/GRE